| Поле | Название | Значение |
| |
Тип записи |
a |
| |
Библиографический уровень |
m |
| 001 |
Контрольный номер |
RuMoRGB-007984620 |
| 005 |
Дата корректировки |
20250325074739.5 |
| 010 |
Индекс ISBN |
__ |
| a |
ISBN |
978-5-91671-403-6 |
| d |
Цена |
393-00 |
| 021 |
№ государственной регистрации |
__ |
| b |
№ документа |
15-55803 |
| 100 |
Данные общей обработки |
__ |
| a |
Данные общей обработки |
19150727d20 |||y0rusy0189 ca |
| 101 |
Язык документа |
0_ |
| a |
Язык текста |
rus |
| 102 |
Страна публикации |
__ |
| a |
Страна публикации |
ru |
| 102 |
Страна публикации |
__ |
| a |
Страна публикации |
ru |
| 105 |
Кодированные данные (монография) |
__ |
| a |
Кодированные данные (монография) |
y zzzz000zy |
| 200 |
Заглавие и сведения об ответственности |
1_ |
| a |
Заглавие |
Мифы об эволюции человека |
| f |
Первые сведения об ответственности |
Александр Соколов |
| 210 |
Выходные данные |
1_ |
| a |
Место издания |
Москва |
| c |
Издательство |
АНФ |
| d |
Дата издания |
2015 |
| 215 |
Физическое описание |
__ |
| a |
Объем |
388 с. |
| c |
Иллюстрации/тип воспроизводства |
ил., портр., табл. |
| 320 |
Библиография |
__ |
| a |
Библиография |
Библиогр.: с. 371-386 |
| 330 |
Аннотация |
__ |
| a |
Аннотация |
Антиэволюционистские теории, и легенды, порожденные массовой культурой, и околонаучные представления, бытующие среди людей образованных и начитанных. |
| 606 |
Тематические рубрики |
__ |
| a |
Основная рубрика |
Биология |
| x |
Основная подрубрика |
Антропология |
| 610 |
Ключевые слова |
0_ |
| a |
Ключевые слова |
эволюция человека |
| 610 |
Ключевые слова |
0_ |
| a |
Ключевые слова |
неандертальцы |
| 610 |
Ключевые слова |
0_ |
| a |
Ключевые слова |
мифы |
| 610 |
Ключевые слова |
0_ |
| a |
Ключевые слова |
палеоантропология |
| 686 |
Индексы других классификаций |
__ |
| a |
Индекс ББК |
28.71 |
| 700 |
Автор |
_1 |
| a |
Фамилия |
Соколов |
| b |
Имя |
А. |
| g |
Полное личное имя |
Александр |
| 801 |
Источник записи |
_0 |
| a |
Страна |
ru |
| b |
Организация |
РГБ |
| c |
Дата составления |
20150727 |
| 801 |
Источник записи |
_1 |
| a |
Страна |
ru |
| b |
Организация |
РГБ |
| c |
Дата составления |
20150727 |
| 852 |
Данные о местонахождении |
__ |
| j |
Шифр хранения |
28.71 |
| i |
Авторский знак |
С 59 |
| b |
Сигла хранения |
ООЧ |
| 901 |
Тип документа |
__ |
| t |
Тип документа |
m |
| 902 |
Роль лиц |
__ |
| a |
Создатель БЗ |
ОКиО/Кашаева |
| 990 |
Данные о заказе (DOS) |
__ |
| j |
Количество экземпляров (DOS) |
1 |
| h |
N записи в КСУ для Б/У (DOS) |
2016-6 |